000 00849nas a2200265 4500
001 BR6900013
003 BR-BrBNA
005 20231205082253.0
007 ta
008 230509b bl.|||p| |||| 00| 00por d
040 _aBR-BrBNA
_bpor
_cBiblioteca Nacional de Agricultura
041 _a(Pt)
072 _aH10
110 1 _aInstituto Rio Grandense do Arroz, Porto Alegre (Brasil). Depto. de Obras e Assistencia Tecnica
_96573
245 1 _aPragas do arroz [Cascudo do arroz; Ligyrus humilis; Rio Grande do Sul; Brasil]
650 _aPraga de planta
650 _aArroz
650 _aInseto
650 _aCascudo
650 _aInseticida
650 _aRio Grande do Sul
773 0 _tLavoura Arrozeira (Brazil)
_xISSN 0023-9143
_g(Jan 1969), v. 22(247) p. 55
_wBR6900013
909 _a202311
_bLúcia
_c55
_dLúcia Elande
942 _2AGRIS
_n0
_cANA
999 _c90479
_d90479